000 00883nam a22002777a 4500
001 7712
003 FISKH
005 20250815163102.0
008 250731b cb ||||| |||| 00| 0 eng d
020 _a9780395453575
040 _aFISKH
_beng
_cFISKH
_dFISKH
050 _aPZ7.H31115 J
082 _a823.914
100 _aHavill, Juanita
245 _aJamaica's find /
_cBy Juanita Havill : Illustrations by Anne Sibley O'Brien
260 _aBoston :
_bHoughton Mifflin Company ,
_c1986.
300 _a32 pages :
_bcolor illustrations ;
_c20 x23 cm .
505 _aJ
520 _aA little girl finds a stuffed dog in the park and decides to take it home.
521 8 _a460
_bLexile
521 8 _aJ
_bRaz-Plus
650 _aLost and found possessions
_vFiction
700 _aO'Brien , Anne Sibley
_eIllustrator
942 _2ddc
_cBK
_n0
999 _c7712
_d7712